| 000 | 00334nam a22001457a 4500 | ||
|---|---|---|---|
| 003 | SGT | ||
| 020 | _a978-81-7739-441-2 | ||
| 082 |
_a614 _bE16A |
||
| 100 | _aAGGRAWAL,ANIL | ||
| 245 | _aESSENTIALS OF FORENSIC MEDICINE AND TOXICOLOGY | ||
| 260 |
_aDELHI _bAVICHAL PUB _c2016 |
||
| 300 | _a647 | ||
| 650 | _aAYURVEDA | ||
| 942 |
_2ddc _cBK |
||
| 999 |
_c14910 _d14910 |
||